000 00846nam a22001811cc4500
001 a987674692+BandII
035 _aa987674692
008 170707s1971 gw |||| 000u ger d
020 _a3764615486
_93-7646-1548-6
245 0 4 _aDie Wehrmacht im Dritten Reich
_nBand II
_p30. Januar 1933 bis 2. August 1934 (Fortsetzung) : Mit einem Rückblick auf das Militärwesen in Preußen, im Kaiserreich und in der Weimarer Republik
264 _aBoppard am Rhein :
_bBoldt,
_c1971
300 _aXIV, 601 S.
246 1 2 _aDie Wehrmacht im Dritten Reich : Aufbau, Gliederung, Recht, Verwaltung. 30. Januar 1933 bis 2. August 1934 (Fortsetzung) : Mit einem Rückblick auf das Militärwesen in Preußen, im Kaiserreich und in der Weimarer Republik
_nBand II
773 0 8 _wa987674692
_qBandII
942 _cMG
040 _cRU-10907106
003 RU-10907106
999 _c45001
_d45001